Politique environnementale en économie ouverte (notice n° 1898384)

détails MARC
000 -LEADER
fixed length control field 01495cam a2200277 4500500
005 - DATE AND TIME OF LATEST TRANSACTION
control field 20260329015503.0
041 ## - LANGUAGE CODE
Language code of text/sound track or separate title fre
042 ## - AUTHENTICATION CODE
Authentication code dc
100 10 - MAIN ENTRY--PERSONAL NAME
Personal name Bureau, Dominique
Relator term author
245 00 - TITLE STATEMENT
Title Politique environnementale en économie ouverte
260 ## - PUBLICATION, DISTRIBUTION, ETC.
Date of publication, distribution, etc. 2005.<br/>
500 ## - GENERAL NOTE
General note 34
520 ## - SUMMARY, ETC.
Summary, etc. Cet article analyse les conséquences des politiques environnementales en économie ouverte. Après avoir montré en quoi la fiscalité environnementale se distingue de la fiscalité contributive, il étudie son influence sur les spécialisations internationales et analyse l’argument du dumping écologique.
520 ## - SUMMARY, ETC.
Summary, etc. Environmental policy in an open economy This article analyses the consequences of the environmental policies in an open economy. Having shown in what the environmental tax system distinguishes itself from the contributory tax system, it studies its influence on the international specializations and analyses the argument of the ecological dumping.
690 ## - LOCAL SUBJECT ADDED ENTRY--TOPICAL TERM (OCLC, RLIN)
Topical term or geographic name as entry element dumping écologique
690 ## - LOCAL SUBJECT ADDED ENTRY--TOPICAL TERM (OCLC, RLIN)
Topical term or geographic name as entry element environnement
690 ## - LOCAL SUBJECT ADDED ENTRY--TOPICAL TERM (OCLC, RLIN)
Topical term or geographic name as entry element fiscalité
690 ## - LOCAL SUBJECT ADDED ENTRY--TOPICAL TERM (OCLC, RLIN)
Topical term or geographic name as entry element spécialisations internationales
690 ## - LOCAL SUBJECT ADDED ENTRY--TOPICAL TERM (OCLC, RLIN)
Topical term or geographic name as entry element ecological dumping
690 ## - LOCAL SUBJECT ADDED ENTRY--TOPICAL TERM (OCLC, RLIN)
Topical term or geographic name as entry element environment
690 ## - LOCAL SUBJECT ADDED ENTRY--TOPICAL TERM (OCLC, RLIN)
Topical term or geographic name as entry element international specializations
690 ## - LOCAL SUBJECT ADDED ENTRY--TOPICAL TERM (OCLC, RLIN)
Topical term or geographic name as entry element tax system
700 10 - ADDED ENTRY--PERSONAL NAME
Personal name Mougeot, Michel
Relator term author
786 0# - DATA SOURCE ENTRY
Note Revue d'économie politique | 115 | 4 | 2005-08-01 | p. 441-450 | 0373-2630
856 41 - ELECTRONIC LOCATION AND ACCESS
Uniform Resource Identifier <a href="https://shs.cairn.info/revue-d-economie-politique-2005-4-page-441?lang=fr&redirect-ssocas=7080">https://shs.cairn.info/revue-d-economie-politique-2005-4-page-441?lang=fr&redirect-ssocas=7080</a>

Pas d'exemplaire disponible.

PLUDOC

PLUDOC est la plateforme unique et centralisée de gestion des bibliothèques physiques et numériques de Guinée administré par le CEDUST. Elle est la plus grande base de données de ressources documentaires pour les Étudiants, Enseignants chercheurs et Chercheurs de Guinée.

Adresse

627 919 101/664 919 101

25 boulevard du commerce
Kaloum, Conakry, Guinée

Réseaux sociaux

Powered by Netsen Group @ 2025